书目信息 |
| 题名: |
写作论
|
|
| 作者: | ;中国写作研究会华北分会 编 | |
| 分册: | ||
| 出版信息: | 北京 北京师范大学出版社 1984 |
|
| 页数: | 397页 | |
| 开本: | 20cm | |
| 丛书名: | ||
| 单 册: | ||
| 中图分类: | I04 , H15 | |
| 科图分类: | ||
| 主题词: | 文学-创作理论 , 创作理论-文学 , 汉语--写作 , 汉语--修辞 | |
| 电子资源: | ||
| ISBN: | ||
| 000 | 00712nam0 2200265 450 | |
| 001 | 1550507842 | |
| 005 | 20150120140336.29 | |
| 010 | @dCNY1.40 | |
| 091 | @a10243.22 | |
| 100 | @a19980305d1984 em y0chiy0110 ea | |
| 101 | 0 | @achi |
| 102 | @aCN@b110000 | |
| 105 | @ay z 000yy | |
| 200 | 1 | @a写作论@9xie zuo lun@f中国写作研究会华北分会编 |
| 210 | @a北京@c北京师范大学出版社@d1984 | |
| 215 | @a397页@d20cm | |
| 606 | 0 | @a文学-创作理论 |
| 606 | 0 | @a创作理论-文学 |
| 606 | 0 | @a汉语@x写作 |
| 606 | 0 | @a汉语@x修辞 |
| 690 | @aI04@v5 | |
| 690 | @aH15@v4 | |
| 711 | 02 | @a中国写作研究会华北分会@9zhong guo xie zuo yan jiu hui hua bei fen hui@4编 |
| 801 | 0 | @aCN@bTSSF@c20150120 |
| 905 | @aZUCC@dH15@eJY89 | |
| 写作论/中国写作研究会华北分会编.-北京:北京师范大学出版社,1984 |
| 397页;20cm |
| ISBN :CNY1.40 |
| ● |
| 相关链接 |
|
|
|
|
正题名:写作论
索取号:H15/JY89
 
预约/预借
| 序号 | 登录号 | 条形码 | 馆藏地/架位号 | 状态 | 备注 |
| 1 | 7849765 | 278497654 | 学院路分馆/ [索取号:H15/JY89] | 在馆 | |
| 2 | 7849766 | 278497663 | 学院路分馆/ [索取号:H15/JY89] | 在馆 | |
| 3 | 7849767 | 278497672 | 学院路分馆/ [索取号:H15/JY89] | 在馆 |